Memoria del seminario: Repercusin̤ de las reformas constitucionales y proyecto de las legales en materia de amparo

Bibliographic Details
Format: eBook
Language:Spanish
Published: Ciudad de Mx̌ico: Cm̀ara de Diputados, 2011
Subjects:
Online Access:Acceso restringido

MARC

LEADER 00000nam a22000007a 4500
005 20170908004019.0
007 cr|||| ||||
008 170908s2011 mx |||||s||||f00||0 spa d
035 |a 20534 
040 |a vLex 
090 |c 6937  |d 6937 
245 0 0 |a Memoria del seminario: Repercusin̤ de las reformas constitucionales y proyecto de las legales en materia de amparo  |h [Recurso electrn̤ico] / 
256 |a Servicio en ln̕ea 
260 |a Ciudad de Mx̌ico:  |b Cm̀ara de Diputados,  |c 2011 
300 |a 1 recurso electrn̤ico (260 p.) 
506 1 |a Disponible solo en los productos indicados  |d vLex Global  |d vLex Global (Academic Edition, excluding Law Schools)  |d vLex Global (U.S. Academic Edition, Law Schools)  |d vLex Global (U.S. Academic Edition, excluding Law Schools)  |d vLex Global (Academic Edition, Law Schools) 
650 0 4 |a Derecho Constitucional  |z Mx̌ico 
740 0 |a vLex Libros (Servicio en ln̕ea) 
856 4 0 |u http://vlex.com/source/memoria-seminario-repercusion-reformas-constitucionales-proyecto-legales-materia-amparo-20534  |z Acceso restringido 
942 |c BOOK 
999 0 |a Constitutional right